000 00540nam a2200205Ia 4500
008 170918s9999 xx 000 0 und d
020 _a9780590453165
050 _bH523 1948
100 _aHenry, Marguerite
245 _aKing of the wind :
245 _bthe story of the Godolphin Arabian /
245 _cMarguerite Henry ; illustrations by Wesley Dennis.
260 _aNew York :
260 _bScholastic,
260 _c1948
300 _a192 pages :
300 _bcolored illustration ;
300 _c19cm.
500 _a830
999 _c342069
_d342069